[Event "AUT Bundesliga 2021-22"]
[Site "Graz"]
[Date "2022.04.21"]
[Round "9.10"]
[White "Mesaros, Florian"]
[Black "Peyrer, Konstantin"]
[Result "0-1"]
[WhiteElo "2419"]
[BlackElo "2301"]
[Annotator "TA"]
[PlyCount "68"]
[EventDate "2021.01.17"]
[EventType "team-tourn"]
[EventCountry "AUT"]
[SourceTitle "playchess.com"]
[Source "ChessBase"]
[SourceQuality "1"]
[TimeControl "40/5400+30:1800+30"]

{[%evp 18,68,24,27,64,20,23,31,65,0,-1,-21,0,-33,20,-12,0,-54,-40,-28,-46,-31,-28,-45,0,0,0,0,-17,-33,64,-543,-521,-516,-505,-1094,-723,-731,-731,-726,-648,-29990,-29991,-29993,-29994,-29994,-29995,-29995,-29995,-29995,-29996,-29996,-29997]} 1. d4 {[%emt 0:00:08]} Nf6 {[%emt 0:00:12]} 2. c4 {[%emt 0:00:07]} e6 {[%emt 0:00:03]} 3. Nf3 {[%emt 0:01:14]} b6 {[%emt 0:00:15]} 4. a3 {[%emt 0:08:36]} Ba6 {[%emt 0:00:20]} 5. Qc2 {[%emt 0:03:51]} Bb7 {[%emt 0:01:33]} 6. Nc3 {[%emt 0:01:01]} c5 {[%emt 0:00:12]} 7. e4 {[%emt 0:05:43]} cxd4 {[%emt 0:03:30]} 8. Nxd4 {[%emt 0:00:23]} Bc5 {[%emt 0:00:08]} 9. Nb3 {[%emt 0:05:01]} Nc6 {[%emt 0:00:24]} 10. Bd3 {[%emt 0:05:09]} Ng4 {[%emt 0:13:05] [#] E12: Queen's Indian: Unusual White 4th moves, 4 a3, 4 Nc3 Bb7 5 a3 and 4 Nc3 Bb7 .} 11. O-O $146 {[%emt 0:13:03]} (11. Nxc5 bxc5 12. Qd1) ({Predecessor:} 11. Nxc5 bxc5 12. Nb5 O-O 13. Be2 Nf6 14. Bg5 a6 15. Nd6 Qc7 16. Bxf6 Qxd6 17. Rd1 Nd4 18. Bxd4 cxd4 {0-1 (41) Driessens,P (2276)-Berg,E (2574) Maastricht 2007}) 11... Qb8 {[%emt 0:12:44][%csl Gg4][%cal Rb8h2] [#]} 12. g3 {[%emt 0:02:46]} h5 {[%emt 0:00:40][%cal Bh7h5,Bh5h4][%mdl 32] White is slightly better.} 13. Qe2 {[%emt 0:11:01]} (13. Bf4 $14 Nge5 14. Be2 (14. Nxc5 bxc5 15. Bxe5 Qxe5 $11)) 13... Nge5 $11 {[%emt 0:02:47]} 14. Bf4 {[%emt 0:05:29]} h4 {[%emt 0:01:57]} 15. Rad1 {[%emt 0:03:24]} f6 {[%emt 0:08:29]} (15... Be7 $15) 16. Nxc5 {[%emt 0:10:56]} bxc5 {[%emt 0:02:43]} 17. Be3 {[%emt 0:00:41]} (17. Bxe5 $11 Nxe5 18. f4 hxg3 19. fxe5 Qxe5 20. hxg3 Qxg3+ 21. Qg2 Qe3+ 22. Rf2) 17... Nd4 {[%emt 0:02:39]} 18. Bxd4 {[%emt 0:00:14]} cxd4 {[%emt 0:00:03]} 19. Nb5 {[%emt 0:00:15]} hxg3 {[%emt 0:00:35]} 20. fxg3 {[%emt 0:07:51]} Nxd3 {[%emt 0:00:55]} 21. Rxd3 {[%emt 0:02:38]} e5 {[%emt 0:01:57] [#] aiming for ...a6.} 22. c5 {[%emt 0:05:21] And now Nd6+ would win.} Ba6 $36 {[%emt 0:02:10][%mdl 2048] Black is more active.} 23. Nd6+ {[%emt 0:02:40]} Kf8 {[%emt 0:00:11]} (23... Ke7 $15 24. Nf5+ (24. Qg4 Qg8 $17) 24... Kd8) 24. Qg4 $2 {[%emt 0:02:54][%mdl 8192] Loses the game.} Bxd3 $19 {[%emt 0:00:32]} ({Worse is} 24... Qxb2 25. Rf2 Qb1+ 26. Rd1 $11) 25. Qxd7 {[%emt 0:00:10][%csl Gd6][%cal Rd7f7]} Qb3 {[%emt 0:01:08] Inhibits Qf7+.} 26. Nc8 {[%emt 0:02:06]} (26. Rf2 $142 Bc4 27. Nc8 Qd1+ 28. Kg2) 26... Rh6 {[%emt 0:02:14]} 27. Qd8+ {[%emt 0:00:38]} Kf7 {[%emt 0:00:08][%cal Bf8f7,Bf7g6,Bg6g5,Bg5g4,Bg4g3,Bg3f4][%mdl 32]} 28. Nd6+ {[%emt 0:00:36]} Kg6 {[%emt 0:00:07]} 29. Qxa8 {[%emt 0:00:12][%cal Oa8c8] Threatens to win with Qc8!} Bxf1 {[%emt 0:00:43] Black mates.} 30. Nf5 {[%emt 0:00:41]} Qf3 {[%emt 0:00:28][%csl Gf1][%cal Rf3g2]} 31. Ne7+ {[%emt 0:00:39]} Kg5 {[%emt 0:00:08][%csl Gf1][%cal Rf3g2]} 32. h4+ {[%emt 0:00:11]} Kg4 {[%emt 0:00:09][%csl Gf1][%cal Rf3g2]} 33. Qc8+ {[%emt 0:00:23]} Kxg3 {[%emt 0:00:10][%csl Gf1,Gg3][%cal Rf3g2]} 34. Nf5+ {[%emt 0:00:10]} Kf4 {[%emt 0:00:05] Weighted Error Value: White=0.91/Black=0.37} 0-1

[Event "AUT Bundesliga 2021-22"]
[Site "Graz"]
[Date "2022.04.21"]
[Round "9.11"]
[White "Schneider-Zinner, Harald"]
[Black "Poetz, Florian"]
[Result "1/2-1/2"]
[WhiteElo "2370"]
[BlackElo "2424"]
[Annotator "TA"]
[PlyCount "121"]
[EventDate "2021.01.17"]
[EventType "team-tourn"]
[EventCountry "AUT"]
[SourceTitle "playchess.com"]
[Source "ChessBase"]
[SourceQuality "1"]
[TimeControl "40/5400+30:1800+30"]

{[%evp 9,121,17,14,0,12,2,8,3,22,18,20,29,29,27,31,22,23,16,16,12,34,20,32,26,27,0,23,9,22,-107,-113,-128,-123,-128,0,-60,-57,-62,-66,-66,-64,-64,-64,-64,-49,-49,-49,-57,-27,-41,-39,-50,-41,-45,-36,-32,-34,-51,-33,-84,-45,-82,-66,-60,-72,-60,-14,-53,-53,-52,-52,-53,-53,-57,-60,-60,-60,-79,0,0,0,0,0,0,0,0,0,0,0,0,0,0,0,0,0,0,0,-28000,-28000,-28000,-28000,-28000,-28000,-28000,-28000,-28000,-28000,-28000,-28000,-28000,-28000,-28000,-28000,-28000]} 1. d4 {[%emt 0:00:09]} Nf6 {[%emt 0:00:08]} 2. Nf3 {[%emt 0:00:16]} e6 {[%emt 0:00:22]} 3. g3 {[%emt 0:00:42]} b5 {[%emt 0:02:38]} 4. e3 {[%emt 0:01:12]} a6 {[%emt 0:02:54]} 5. a4 {[%emt 0:00:29]} b4 {[%emt 0:00:51]} 6. Bg2 {[%emt 0:00:26] A46: 1 d4 Nf6 2 Nf3 e6: Torre, London and Colle Systems.} Bb7 {[%emt 0:00:16]} 7. O-O {[%emt 0:00:39]} Be7 {[%emt 0:04:01]} 8. c4 {[%emt 0:01:12] The position is equal.} O-O {[%emt 0:01:58]} 9. b3 {[%emt 0:00:42]} d5 {[%emt 0:13:11]} 10. Nbd2 {[%emt 0:02:36]} c5 {[%emt 0:09:10]} 11. Bb2 {[%emt 0:02:02]} Nbd7 {[%emt 0:07:46]} 12. Rc1 {[%emt 0:03:02]} Rc8 {[%emt 0:01:10]} 13. Qe2 {[%emt 0:03:42] [#]} cxd4 $146 {[%emt 0:02:47]} ({Predecessor:} 13... dxc4 14. Nxc4 cxd4 15. Nxd4 Bxg2 16. Kxg2 Nc5 17. Rfd1 Qc7 18. Qf3 Nfe4 19. Nd2 Ng5 {1-0 (32) Berkes,F (2681)-Durakovic,A (2272) Schwarzach 2019}) 14. Nxd4 {[%emt 0:10:14]} Nc5 {[%emt 0:02:06]} 15. Rfd1 {[%emt 0:02:43]} Qb6 {[%emt 0:02:12]} 16. cxd5 {[%emt 0:04:25]} Bxd5 {[%emt 0:05:52]} 17. Nc4 {[%emt 0:03:32]} Qb8 {[%emt 0:03:29]} 18. Bxd5 {[%emt 0:15:51]} Nxd5 {[%emt 0:00:57]} 19. Nf5 {[%emt 0:03:39]} exf5 $17 {[%emt 0:00:27]} 20. Rxd5 {[%emt 0:00:05]} Nxb3 {[%emt 0:03:47]} 21. Rcd1 {[%emt 0:02:36]} Nc5 {[%emt 0:03:30] Prevents Rd7.} (21... Qc7 $17 22. Nd6 Bxd6 23. Rxd6 Qc2 24. Qxc2 Rxc2) 22. Be5 {[%emt 0:09:10]} (22. a5 $11) 22... Qb7 $15 {[%emt 0:07:36]} 23. Nd6 {[%emt 0:01:49]} Bxd6 {[%emt 0:00:11]} 24. Bxd6 {[%emt 0:00:45]} Nxa4 {[%emt 0:02:33][%cal Bc5a4,Ba4c3,Bc3e4][%mdl 32]} 25. Bxf8 {[%emt 0:13:00]} Nc3 {[%emt 0:00:25]} 26. Qd3 {[%emt 0:03:10]} ({Avoid the trap} 26. Qb2 $2 Rxf8 27. Qb3 Nxd5 28. Rxd5 Rc8 $19) 26... Qxd5 {[%emt 0:03:52]} 27. Bxb4 {[%emt 0:00:29]} Qxd3 {[%emt 0:03:28]} 28. Rxd3 {[%emt 0:00:02][%mdl 4096] Endgame KRB-KRN} Ne4 {[%emt 0:00:49]} 29. f3 {[%emt 0:03:21]} Ng5 {[%emt 0:00:32]} 30. Kf2 {[%emt 0:01:49]} Rc2+ {[%emt 0:02:32]} 31. Bd2 $1 {[%emt 0:00:31][%cal Rd3d8] [#]} h5 {[%emt 0:01:59]} 32. Ke2 {[%emt 0:01:34]} Ne6 {[%emt 0:06:57]} 33. Rd5 {[%emt 0:02:43]} g6 {[%emt 0:00:30]} 34. Kd3 {[%emt 0:02:56]} ({White should play} 34. h4 $15) 34... Rc8 {[%emt 0:00:53]} 35. Ba5 {[%emt 0:02:36]} Rc5 {[%emt 0:03:22]} 36. e4 {[%emt 0:00:14]} fxe4+ {[%emt 0:00:26]} 37. fxe4 {[%emt 0:00:01]} f5 {[%emt 0:02:23]} (37... Rb5 $15 {is superior.} 38. Bc3 Rb6) 38. Rd6 {[%emt 0:03:16]} fxe4+ {[%emt 0:00:19]} 39. Ke3 {[%emt 0:00:16]} Rxa5 {[%emt 0:01:02]} 40. Rxe6 {[%emt 0:00:00] KR-KR} Kf7 {[%emt 0:00:00]} 41. Rxe4 {[%emt 0:00:30]} Kf6 {[%emt 0:14:53] [#] aiming for ...Re5.} 42. Rc4 {[%emt 0:07:30]} Re5+ {[%emt 0:02:40]} 43. Kf3 {[%emt 0:01:13]} g5 {[%emt 0:07:08]} ({Better is} 43... Kf5 $17) 44. Rc6+ $11 {[%emt 0:08:05]} Re6 {[%emt 0:00:06]} 45. Rc8 {[%emt 0:00:14]} a5 {[%emt 0:01:19]} 46. Ra8 {[%emt 0:04:08]} Re5 {[%emt 0:00:20]} 47. h3 {[%emt 0:01:07]} Ke7 {[%emt 0:05:19]} 48. Ra7+ {[%emt 0:04:34]} Kd6 {[%emt 0:00:29] ...Kc6 is the strong threat.} 49. Rh7 {[%emt 0:03:07]} Kc5 {[%emt 0:00:37] Threatens to win with ...a4.} (49... a4 $5 50. Ra7 Rf5+ 51. Ke4 (51. Kg2 Ke6 $11) 51... Rc5 $11) 50. Rxh5 {[%emt 0:00:35]} a4 {[%emt 0:00:04][%cal Og5g4] Strongly threatening ...g4+!} 51. Rh8 {[%emt 0:01:43]} a3 {[%emt 0:00:18]} 52. h4 {[%emt 0:03:38]} gxh4 $2 {[%emt 0:01:11][%mdl 8192]} (52... g4+ $11 53. Kxg4 Kb4) 53. Rxh4 {[%emt 0:00:29]} Kb5 {[%emt 0:00:42] Against Ra4. Mate.} 54. Kf4 {[%emt 0:00:59]} Re1 {[%emt 0:00:28]} 55. Rh2 {[%emt 0:00:35]} Kb4 {[%emt 0:00:07]} 56. g4 {[%emt 0:00:11]} Kb3 {[%emt 0:00:08]} 57. g5 {[%emt 0:00:51]} a2 {[%emt 0:00:08]} 58. Rxa2 {[%emt 0:00:05]} Kxa2 {[%emt 0:00:03]} 59. Kf5 {[%emt 0:00:08]} Rg1 {[%emt 0:00:15]} 60. g6 {[%emt 0:00:05]} Rxg6 {[%emt 0:00:21]} 61. Kxg6 {[%mdl 32768] Weighted Error Value: White=0.12 (very precise) /Black=0.08 (flawless) . An unexpected result.} 1/2-1/2

[Event "AUT Bundesliga 2021-22"]
[Site "Graz"]
[Date "2022.04.21"]
[Round "9.12"]
[White "Csonka, Attila Istvan"]
[Black "Steindl, Johannes"]
[Result "0-1"]
[WhiteElo "2334"]
[BlackElo "2237"]
[Annotator "TA"]
[PlyCount "64"]
[EventDate "2021.01.17"]
[EventType "team-tourn"]
[EventCountry "AUT"]
[SourceTitle "playchess.com"]
[Source "ChessBase"]
[SourceQuality "1"]
[TimeControl "40/5400+30:1800+30"]

{[%evp 24,64,50,41,54,33,79,45,50,43,50,18,24,18,19,0,25,-40,29,-21,-22,-68,-14,-106,-104,-111,-125,-419,-395,-647,-572,-710,-706,-687,-673,-967,-932,-3201,-2180,-29983,-29983,-29979,-29980]} 1. e4 {[%emt 0:00:04]} c5 {[%emt 0:00:03]} 2. Nf3 {[%emt 0:00:05]} d6 {[%emt 0:00:04]} 3. d4 {[%emt 0:00:06]} cxd4 {[%emt 0:00:03]} 4. Qxd4 {[%emt 0:00:07]} Nc6 {[%emt 0:00:05]} 5. Bb5 {[%emt 0:00:06]} Bd7 {[%emt 0:00:04]} 6. Bxc6 {[%emt 0:00:07]} Bxc6 {[%emt 0:00:18]} 7. Nc3 {[%emt 0:00:06]} Nf6 {[%emt 0:00:39]} 8. Bg5 {[%emt 0:01:17]} e6 {[%emt 0:00:12]} 9. O-O-O {[%emt 0:00:25]} Be7 {[%emt 0:00:04]} 10. Rhe1 {[%emt 0:00:15]} O-O {[%emt 0:06:10]} 11. Kb1 {[%emt 0:00:54]} Qa5 {[%emt 0:02:15]} 12. Qd2 {[%emt 0:01:34]} Kh8 {[%emt 0:09:37]} 13. Nd4 {[%emt 0:02:03][%cal Og2g4]} Rac8 {[%emt 0:03:16] B53: Sicilian: 2...d6: Lines with Qxd4.} 14. f3 {[%emt 0:01:55]} (14. Nxc6 Rxc6 15. f3 Rfc8 $11) 14... Rfe8 {[%emt 0:04:47]} (14... a6 $14 {deserves consideration.}) 15. g4 {[%emt 0:02:59]} ({Reject} 15. Nxc6 bxc6 16. Ne2 Qxd2 17. Bxd2 d5 $11) (15. Bxf6 $5 gxf6 16. Ncb5 $1 (16. Nxc6 bxc6 17. Qf4 Qg5 $11) 16... Qxd2 17. Rxd2 $14) 15... a6 {[%emt 0:11:44] White is slightly better.} 16. h4 {[%emt 0:09:26]} b5 {[%emt 0:02:00] [#]} 17. Bxf6 $146 {[%emt 0:03:26]} ({Predecessor:} 17. a3 Bb7 18. Nb3 Qc7 19. Ne2 Red8 20. Nf4 e5 21. Bxf6 Bxf6 22. g5 Be7 23. Nd5 Bxd5 24. exd5 {1-0 (74) Vasiukov,E (2460)-Iliushkin,E (2304) Plovdiv 2013}) 17... Bxf6 {[%emt 0:05:16]} 18. g5 {[%emt 0:01:15]} Be7 {[%emt 0:02:35]} 19. f4 {[%emt 0:03:50]} Bb7 {[%emt 0:06:09]} (19... Ba8 $5 {[%cal Rb5b4]}) 20. Re3 {[%emt 0:18:46]} (20. a3 $11) 20... Rc4 {[%emt 0:10:27]} ({Black should play} 20... b4 $1 $15 21. Nce2 Rc4) 21. h5 {[%emt 0:05:16]} ({Better is} 21. a3) 21... b4 $11 {[%emt 0:04:49]} 22. Nce2 {[%emt 0:00:54]} Rec8 {[%emt 0:02:44]} ({Black should try} 22... e5 $1 $15 23. fxe5 Bxg5 24. exd6 Qc5) 23. Rc1 {[%emt 0:06:32] [#]} (23. Qd3 $11) 23... e5 $1 $36 {[%emt 0:06:01][%mdl 2048] Black has strong initiative.} 24. Nf5 {[%emt 0:04:24][%csl LRd6,LRe7]} exf4 {[%emt 0:00:51]} 25. h6 $2 {[%emt 0:00:54][%mdl 8192] White does not recover from this.} Bxg5 $19 {[%emt 0:05:38] Dancing on a razor blade.} ({Don't play} 25... fxe3 26. hxg7+ Kg8 27. Nxe7+ Kxg7 28. Qxd6 $18) 26. hxg7+ {[%emt 0:00:40]} (26. Rd3 $142 Bxe4 27. Nxd6) 26... Kg8 {[%emt 0:00:04]} 27. Rg3 {[%emt 0:20:40] [#]} Bxe4 $1 {[%emt 0:00:54] And now ...Rxc2 would win.} 28. Rxg5 {[%emt 0:05:54]} Bxf5 {[%emt 0:00:05]} 29. Ka1 {[%emt 0:01:09]} Qe5 {[%emt 0:05:53]} 30. c3 {[%emt 0:00:49]} f3 {[%emt 0:04:09]} 31. Nd4 {[%emt 0:03:28] [#]} bxc3 $1 {[%emt 0:00:06]} 32. bxc3 {[%emt 0:00:30] [#]} Rxd4 $1 {[%emt 0:00:08] Weighted Error Value: White=1.26/Black=0.10 (very precise)} 0-1

[Event "AUT Bundesliga 2021-22"]
[Site "Graz"]
[Date "2022.04.21"]
[Round "9.13"]
[White "Neugebauer, Martin"]
[Black "Haba, Petr"]
[Result "1/2-1/2"]
[WhiteElo "2502"]
[BlackElo "2441"]
[Annotator "TA"]
[PlyCount "143"]
[EventDate "2021.01.17"]
[EventType "team-tourn"]
[EventCountry "AUT"]
[SourceTitle "playchess.com"]
[Source "ChessBase"]
[SourceQuality "1"]
[TimeControl "40/5400+30:1800+30"]

{[%evp 17,142,0,0,-4,-7,-2,18,4,16,0,0,0,0,0,0,0,0,0,175,38,48,43,53,37,41,43,89,88,81,92,87,95,94,74,117,117,117,118,123,123,126,129,145,68,68,68,68,68,68,75,77,77,89,31,34,0,0,0,0,0,0,0,0,0,0,0,0,0,0,0,0,0,0,0,0,0,0,0,0,0,0,0,0,0,0,0,0,0,0,0,0,0,0,0,0,0,0,0,0,0,0,0,0,0,0,0,0,0,0,0,0,0,0,0,0,0,0,0,0,0,0,0,0,0,0,0,0]} 1. e4 {[%emt 0:00:07]} c5 {[%emt 0:00:22]} 2. Nf3 {[%emt 0:00:26]} e6 {[%emt 0:00:05]} 3. d4 {[%emt 0:00:33]} cxd4 {[%emt 0:00:06]} 4. Nxd4 {[%emt 0:00:05]} Nc6 {[%emt 0:00:04]} 5. Nc3 {[%emt 0:00:38]} Qc7 {[%emt 0:00:29]} 6. Be3 {[%emt 0:00:43]} a6 {[%emt 0:00:20]} 7. f4 {[%emt 0:01:02]} b5 {[%emt 0:00:23]} 8. Nxc6 {[%emt 0:02:50]} Qxc6 {[%emt 0:00:14]} 9. Be2 {[%emt 0:02:25]} Ba3 {[%emt 0:01:05] [#]} 10. Na4 $146 {[%emt 0:07:08] B49: Sicilian: Taimanov: 5 Nc3 Qc7 6 Be3 a6 7 Be2.} ({Predecessor:} 10. Nxb5 axb5 11. bxa3 Qxe4 12. Bd4 Bb7 13. Qd3 Ne7 14. Qxe4 Bxe4 15. Bxb5 Bxc2 16. Rc1 Ba4 17. Bd3 Bc6 {0-1 (46) Ponomariov,R (2731)-Ivanchuk,V (2731) Beijing 2013}) 10... bxa4 {[%emt 0:26:35]} 11. bxa3 {[%emt 0:00:24]} Nf6 {[%emt 0:00:25]} 12. Bf3 {[%emt 0:05:02] Black should prevent Qd4.} d5 {[%emt 0:18:53]} 13. exd5 {[%emt 0:03:53]} exd5 {[%emt 0:00:05]} 14. O-O {[%emt 0:06:03][%cal Oc2c4]} O-O $1 {[%emt 0:00:15]} 15. Bd4 {[%emt 0:12:50][%cal Oc2c4]} Ne4 {[%emt 0:04:52]} 16. Re1 {[%emt 0:13:50]} Bf5 {[%emt 0:19:27]} 17. Rc1 $36 {[%emt 0:11:32][%cal Oc2c4][%mdl 2048] White has the initiative.} Nd6 {[%emt 0:09:22] [#]} (17... Rae8 $11 {and Black has nothing to worry.}) 18. Be5 {[%emt 0:09:26] This bishop pair is nice.} ({Only move:} 18. c4 $1 $18) 18... Be4 {[%emt 0:02:15]} 19. Bxe4 $1 {[%emt 0:01:16]} Nxe4 {[%emt 0:00:15]} 20. c4 $1 {[%emt 0:01:29]} dxc4 {[%emt 0:02:38]} 21. Qd4 {[%emt 0:00:16][%csl LRc4,LRe4,LRg7]} f6 {[%emt 0:01:15]} 22. Qxe4 $16 {[%emt 0:01:28]} Qxe4 {[%emt 0:00:28]} 23. Rxe4 {[%emt 0:00:05]} fxe5 {[%emt 0:02:21]} 24. fxe5 {[%emt 0:00:09][%mdl 4096] Endgame KRR-KRR} Rad8 {[%emt 0:00:43]} 25. h4 {[%emt 0:00:59]} h5 {[%emt 0:03:09]} 26. Rcxc4 {[%emt 0:00:45]} Rd1+ {[%emt 0:06:01]} 27. Kh2 {[%emt 0:00:02]} Re8 {[%emt 0:00:21]} 28. Rc6 {[%emt 0:05:24] Prevents Re6.} Rd5 {[%emt 0:00:05]} 29. e6 {[%emt 0:00:27]} a5 {[%emt 0:00:02]} 30. Rxa4 {[%emt 0:04:06] &Bianco is more active.} (30. Kg3 $16) 30... Re5 $14 {[%emt 0:00:35]} 31. Kg3 {[%emt 0:00:17]} R5xe6 {[%emt 0:01:52]} 32. Rxe6 {[%emt 0:00:11]} Rxe6 {[%emt 0:00:01]} 33. Rxa5 {[%emt 0:02:36] KR-KR} Re3+ {[%emt 0:01:12]} 34. Kf4 {[%emt 0:00:16]} Re2 {[%emt 0:00:09][%csl LRa2,LRg2]} 35. Rg5 {[%emt 0:04:22]} ({Better is} 35. g3 $16 Rf2+ 36. Ke3) 35... Rxa2 {[%emt 0:00:12]} 36. Rg3 {[%emt 0:00:02] [#] And now Kg5 would win.} Kh7 $1 {[%emt 0:01:06] The position is equal.} 37. Ke4 {[%emt 0:00:52]} (37. Kg5 $5 {[%cal Rg5h5]}) 37... g6 {[%emt 0:00:34]} 38. Kd5 {[%emt 0:00:24]} Rf2 {[%emt 0:00:16]} 39. Ke4 {[%emt 0:02:00]} Ra2 {[%emt 0:00:15]} 40. Kd4 {[%emt 0:00:00] Strongly threatening Kc5.} Rf2 {[%emt 0:00:00]} 41. Kc3 {[%emt 0:02:47]} Rf4 {[%emt 0:03:40]} 42. Kb3 {[%emt 0:03:51] Hoping for a4.} Rxh4 {[%emt 0:00:06]} 43. a4 {[%emt 0:00:06]} Re4 {[%emt 0:01:04]} 44. a5 {[%emt 0:00:38]} h4 {[%emt 0:09:11]} 45. Rg5 {[%emt 0:01:43] a6 is the strong threat.} Kh6 $1 {[%emt 0:02:34]} 46. Rc5 {[%emt 0:00:08] Threatens to win with a6.} Re6 {[%emt 0:02:12]} 47. Rb5 {[%emt 0:07:18]} Re3+ {[%emt 0:00:07]} 48. Kb4 {[%emt 0:01:41] aiming for a6.} Re4+ {[%emt 0:06:19]} 49. Ka3 {[%emt 0:01:05] Black must now prevent a6.} Re1 {[%emt 0:01:27]} 50. Rb2 {[%emt 0:03:36]} Kh5 {[%emt 0:02:20]} 51. a6 {[%emt 0:01:57]} Re6 {[%emt 0:00:36]} 52. Rb5+ {[%emt 0:00:06]} Kg4 {[%emt 0:00:02]} (52... g5 $5 53. Ra5 Kg4 $14) 53. Ra5 {[%emt 0:00:15]} Re8 {[%emt 0:00:03]} 54. Kb4 {[%emt 0:03:18]} g5 {[%emt 0:02:42]} 55. Ra3 {[%emt 0:00:36]} Rf8 {[%emt 0:01:09]} 56. Kc5 {[%emt 0:02:11] a7 would kill now.} Rf5+ {[%emt 0:03:44]} 57. Kd6 {[%emt 0:00:24] Intending Ke7 and mate.} Rf8 {[%emt 0:00:01]} 58. a7 {[%emt 0:02:52] White threatens Kc5 and mate.} Ra8 {[%emt 0:00:03]} 59. Kc5 {[%emt 0:00:38]} Rxa7 $1 {[%emt 0:01:27]} 60. Rxa7 $11 {[%emt 0:00:04] White wants to mate with Ra3. KR-KPP} Kg3 {[%emt 0:00:04]} 61. Rg7 {[%emt 0:01:28]} Kxg2 {[%emt 0:00:39]} 62. Rxg5+ {[%emt 0:00:04] KR-KP} Kf3 {[%emt 0:00:04]} (62... Kh3 {leads to mate.} 63. Kd4 Kh2 64. Ke3 Kh1 65. Kf2 Kh2 66. Rg4 Kh3 67. Rc4 Kh2 68. Rxh4#) 63. Rh5 {[%emt 0:00:12]} Kg3 {[%emt 0:00:24]} 64. Kd4 {[%emt 0:00:06]} h3 {[%emt 0:00:03]} 65. Ke3 {[%emt 0:00:05]} Kg2 {[%emt 0:00:10]} 66. Rg5+ {[%emt 0:00:33]} Kf1 $1 {[%emt 0:00:08]} 67. Rf5+ {[%emt 0:02:05]} Kg2 {[%emt 0:00:21]} 68. Rf2+ {[%emt 0:00:17]} Kg3 {[%emt 0:01:30]} 69. Rf8 {[%emt 0:00:27]} Kg2 $1 {[%emt 0:00:05]} 70. Ke2 {[%emt 0:01:45] Threatening mate with Rg8+.} h2 {[%emt 0:00:14]} 71. Rg8+ {[%emt 0:00:09]} Kh1 {[%emt 0:00:06]} 72. Kf2 {Weighted Error Value: White=0.08 (flawless) /Black=0.08 (flawless)} 1/2-1/2

[Event "AUT Bundesliga 2021-22"]
[Site "Graz"]
[Date "2022.04.21"]
[Round "9.14"]
[White "Kilgus, Georg"]
[Black "Dobosz, Henryk"]
[Result "1/2-1/2"]
[WhiteElo "2415"]
[BlackElo "2384"]
[Annotator "TA"]
[PlyCount "94"]
[EventDate "2021.01.17"]
[EventType "team-tourn"]
[EventCountry "AUT"]
[SourceTitle "playchess.com"]
[Source "ChessBase"]
[SourceQuality "1"]
[TimeControl "40/5400+30:1800+30"]

{[%evp 12,94,20,16,15,0,21,23,18,18,22,25,32,37,38,35,40,46,37,2,33,0,0,0,0,0,0,0,0,0,0,-11,-10,-14,0,-8,-8,-3,-8,0,0,0,0,0,0,0,0,-119,-107,-105,-108,-116,0,0,0,0,0,0,0,0,0,0,0,0,0,0,0,0,0,0,0,0,0,0,0,0,0,0,0,0,0,0,0,0,0]} 1. e4 {[%emt 0:00:03]} e5 {[%emt 0:00:48]} 2. Nf3 {[%emt 0:00:06]} Nc6 {[%emt 0:00:10]} 3. Bc4 {[%emt 0:00:10]} Bc5 {[%emt 0:00:43]} 4. Nc3 {[%emt 0:02:04]} Nf6 {[%emt 0:01:42]} 5. d3 {[%emt 0:00:07]} h6 {[%emt 0:04:11]} 6. O-O {[%emt 0:02:43]} a6 {[%emt 0:01:33] Recently 6...0-0 got a lot of attention.} 7. a4 {[%emt 0:02:32]} d6 {[%emt 0:00:43] C50: Hungarian Defence and Giuoco Pianissimo.} 8. Be3 {[%emt 0:00:03]} Ba7 {[%emt 0:05:29]} 9. Bxa7 {[%emt 0:06:37]} Rxa7 {[%emt 0:00:11] White has an edge.} 10. h3 {[%emt 0:00:02]} O-O {[%emt 0:02:50]} 11. d4 {[%emt 0:05:53] [#]} Ra8 $146 {[%emt 0:17:19]} ({Predecessor:} 11... exd4 12. Nxd4 Ne5 13. Ba2 c5 14. Nf3 Nxf3+ 15. Qxf3 Be6 16. Rad1 Qb6 17. Bxe6 fxe6 {1-0 (45) Plotkin,V (2403)-Sapozhnikov,R (2459) Toronto 2011}) 12. dxe5 {[%emt 0:20:38]} Nxe5 {[%emt 0:02:57]} 13. Nxe5 {[%emt 0:01:20]} dxe5 {[%emt 0:00:13]} 14. Qxd8 {[%emt 0:05:23]} Rxd8 {[%emt 0:00:15]} 15. Rad1 {[%emt 0:16:17]} Bd7 {[%emt 0:15:01]} (15... Rd4 $5 {[%cal Rd4c4]} 16. b3 Be6 $11) 16. f4 {[%emt 0:10:48]} Be6 {[%emt 0:00:31]} 17. Rxd8+ {[%emt 0:01:50]} Rxd8 {[%emt 0:00:11]} 18. Bxe6 {[%emt 0:00:02]} fxe6 {[%emt 0:00:11]} 19. fxe5 $11 {[%emt 0:00:02][%mdl 4096] Endgame KRN-KRN} Nd7 {[%emt 0:02:18]} 20. Rd1 {[%emt 0:00:31]} Kf7 {[%emt 0:00:06]} 21. a5 {[%emt 0:02:17]} Ke7 {[%emt 0:02:49]} 22. Na4 {[%emt 0:00:02]} Rb8 {[%emt 0:01:40]} ({Don't do} 22... Nxe5 23. Rxd8 Kxd8 24. Nc5 $16) 23. b4 {[%emt 0:06:30]} b6 {[%emt 0:01:32]} 24. axb6 {[%emt 0:02:51]} cxb6 {[%emt 0:00:21]} 25. Rd6 {[%emt 0:00:19]} Nxe5 {[%emt 0:19:06]} 26. Rxb6 {[%emt 0:00:22]} Rxb6 {[%emt 0:00:14]} 27. Nxb6 {[%emt 0:00:03] KN-KN} Kd6 {[%emt 0:00:07]} 28. Na4 {[%emt 0:02:40]} Kc6 {[%emt 0:03:39]} 29. c3 {[%emt 0:01:02]} (29. Nb2 $11 {remains equal.}) 29... Nd3 $17 {[%emt 0:02:50][%mdl 1024] Threatens to win with ...Kb5. Black has strong compensation.} 30. Kf1 {[%emt 0:02:06]} Kb5 {[%emt 0:00:07]} 31. Ke2 {[%emt 0:00:21] [#]} Nc1+ {[%emt 0:01:31]} (31... Nxb4 $1 $17 {[%mdl 512]} 32. Nb2 Nc6) 32. Kd1 $11 {[%emt 0:00:38] The position is equal.} Na2 {[%emt 0:01:39]} 33. Nc5 {[%emt 0:00:17] aiming for Kc2.} Nxc3+ {[%emt 0:00:22]} 34. Kd2 {[%emt 0:03:06]} Kxb4 {[%emt 0:01:12]} 35. Nxa6+ {[%emt 0:00:45]} Kc4 {[%emt 0:00:06]} 36. Ke3 {[%emt 0:00:26]} Nb5 {[%emt 0:04:50]} 37. h4 {[%emt 0:01:15]} e5 {[%emt 0:01:15]} 38. h5 {[%emt 0:00:34]} Nd4 {[%emt 0:01:51]} 39. Nc7 {[%emt 0:01:33]} Kc3 {[%emt 0:00:47]} 40. Nd5+ {[%emt 0:00:00]} Kc4 {[%emt 0:00:00]} 41. Ne7 {[%emt 0:06:12]} Kc5 {[%emt 0:01:19]} 42. Nf5 {[%emt 0:04:28] [#] Strongly threatening Nxd4.} Ne6 {[%emt 0:00:29]} 43. g3 {[%emt 0:00:35]} Kc6 {[%emt 0:02:11]} 44. Kd3 {[%emt 0:00:32]} Nc5+ {[%emt 0:00:23]} 45. Ke3 {[%emt 0:00:25]} Ne6 {[%emt 0:00:11]} 46. Kd3 {[%emt 0:00:16]} Nc5+ {[%emt 0:00:09]} 47. Ke3 {[%emt 0:00:02]} Ne6 {Weighted Error Value: White=0.10 (very precise) /Black=0.06 (flawless)} 1/2-1/2